| 000 | 01008cam a22002897a 4500 | ||
|---|---|---|---|
| 005 | 20220329141216.0 | ||
| 008 | 971010s1982 r 00010 d | ||
| 010 | _a64402 | ||
| 011 | _a65374 | ||
| 035 | _a72052 | ||
| 082 |
_a631.5 _bS45 |
||
| 111 | 0 | 0 |
_aSeminario del Caribe sobre Metodologías para la Investigación de Sistemas Agrícolas ( _d1980 _c: Pointe a Pitre, Guadalupe) _9104094 |
| 245 | 0 | _aPonencias | |
| 260 |
_aSan José, C. R. : _bIICA, _c1982 |
||
| 300 | _a638 p. | ||
| 590 |
_aBATCH-UPD _b10 _c20130110 _lUCH01 _h0748 |
||
| 590 |
_aBATCH-UPD _b10 _c20130410 _lUCH01 _h0428 |
||
| 590 |
_aBATCH-UPD _b10 _c20130914 _lUCH01 _h1932 |
||
| 590 |
_aBATCH-UPD _b10 _c20140805 _lUCH01 _h1146 |
||
| 590 |
_aCONVERSION _b10 _c20130109 _lUCH01 _h1335 |
||
| 650 | 1 | 4 |
_aAgricultura _xInvestigación. _91577 |
| 650 | 1 | 4 |
_aSistemas de cultivo. _9106746 |
| 700 | 0 |
_aPinchinat, Antonio M. _988129 |
|
| 700 | 0 |
_aServant, Jean. _9105284 |
|
| 901 | _aBK | ||
| 949 |
_a631.5 S45 _bZA _cLIBRO _d-4736 _eLIBRO _h4844 _i72052 _si |
||
| 999 |
_c64402 _d64402 |
||